000 01303nam0a22002651 4500
001 rc\4437784
005 20260524041609.0
021 _aRU
_b[58-7838]
035 _a(NLR Aleph) 008579580
090 _a8576484
_c8576484
100 _a20130416d1957 |||y0rusy50 ca
101 0 _arus
102 _aRU
105 _ay z |||||
200 1 _aИз опыта работы учителей русского языка и литературы школ рабочей молодежи
_e[Сборник статей
_fСарат. гор. ин-т усовершенствования учителей
210 _aСаратов]
_cБ. и.
_d1957
215 _a87 с.
_d20
606 _aРусская литература
_xМетодика преподавания в школах рабочей и сельской молодежи
_jСборники
_2psbo
606 _aРусский язык
_xМетодика преподавания в школах рабочей и сельской молодежи
_jСборники
_2psbo
712 0 2 _aСаратовский городской институт усовершенствования учителей
_9415504
_3RU\NLR\AUTH\889959658
801 0 _aRU
_bNLR
_gpsbo
801 1 _aRU
_bELAR
_2rusmarc
852 _aNLR
_j58-4/3001
942 _cBOOK
980 _aNB